• 首页
  • 本馆介绍
  • 公告通知
  • 最新文献
  • 馆藏检索
  • 电子资源
  • 读者导购
  • 参考咨询
  • 我的图书馆
  • 登录
  • 详细信息显示
  • 放入我的书架
  • 预约/预借图书
  • 作者相关作品
  • 分类相关作品
  • 丛书相关作品
  • 出版社相关作品

书目信息

  • 表格格式
  • 工作单格式
  • 卡片格式
题名:
图书馆科学发展的理念与实践
    
 
作者: 吴涛 , 王关锁 编
分册:  
出版信息: 北京   中国书籍出版社  2013.1
页数: 256页
开本: 26cm
丛书名: 中国书籍文库
单 册:
中图分类: G25
科图分类:
主题词: 图书馆工作--研究
电子资源:
ISBN: 978-7-5068-3119-2
000 00892nam0 2200265 45
001 1360538546
005 20130603084452.67
010    @a978-7-5068-3119-2@dCNY49.00
100    @a20130513d2013 ekmy0chiy0121 ea
101 0  @achi
102    @aCN@b110000
105    @ay z 000yy
106    @ar
200 1  @a图书馆科学发展的理念与实践@ATu Shu Guan Ke Xue Fa Zhan De Li Nian Yu Shi Jian@f吴涛,王关锁编@FWu Tao, Wang Guan Suo Bian
210    @a北京@c中国书籍出版社@d2013.1
215    @a256页@d26cm
225 2  @a中国书籍文库
330    @a本书就图书馆和谐发展的战略与指导思想、图书馆和谐发展的实践指向、图书馆和谐发展中的功能扩展与学术创新等问题进行了研究。
461  0 @12001 @a中国书籍文库
606 0  @a图书馆工作@x研究
690    @aG25@v5
701  0 @a吴涛@AWu Tao@4编
701  0 @a王关锁@AWang Guan Suo@4编
801    @aCN@bTANGWEI@c20130522
905    @b0835002-07@dG25@e139@f6
    
    图书馆科学发展的理念与实践/吴涛,王关锁编.-北京:中国书籍出版社,2013.1
    256页;26cm.-(中国书籍文库)
    
    
    ISBN 978-7-5068-3119-2:CNY49.00
    本书就图书馆和谐发展的战略与指导思想、图书馆和谐发展的实践指向、图书馆和谐发展中的功能扩展与学术创新等问题进行了研究。
●
相关链接 在E读中查询图书 在五车中查询图书 在当当中查询图书 在豆瓣中查询图书


正题名:图书馆科学发展的理念与实践     索取号:G25/139         预约/预借

序号 登录号 条形码 馆藏地/架位号 状态 备注
1 0835002   208350023   第一样本阅览室/ [索取号:G25/139] 在馆    
2 0835003   208350032   第四借阅区/ [索取号:G25/139] 在馆    
3 0835004   208350041   第四借阅区/ [索取号:G25/139] 在馆    
4 0835005   208350050   第四借阅区/ [索取号:G25/139] 在馆    
5 0835006   208350069   第四借阅区/ [索取号:G25/139] 在馆    
6 0835007   208350078   第四借阅区/ [索取号:G25/139] 在馆    
唐山师范学院图书馆 欢迎您!
大连网信软件有限公司© 版权所有